| 000 | 00680nam a22002057a 4500 | ||
|---|---|---|---|
| 003 | OSt | ||
| 005 | 20240902085216.0 | ||
| 008 | 240831b ||||| |||| 00| 0 eng d | ||
| 040 | _cAIMIT LIBRARY | ||
| 100 |
_aBhavyashree _e2216037 _9178349 |
||
| 245 |
_aImpact of digital marketing on consumer Behaviour / _cBy Bhavyashree; Guided by Gowthami. |
||
| 260 |
_aMangalore ; _c2024. |
||
| 650 |
_aIndustry profile company profile and introduction _9178350 |
||
| 650 |
_aLiterature review _9178351 |
||
| 650 |
_aResearch methodology _9178352 |
||
| 650 |
_aData analysis and interpretation _9178353 |
||
| 700 |
_aGowthami _eGuide _9178377 |
||
| 856 | _3Satellus | ||
| 942 |
_2ddc _cPRO |
||
| 999 |
_c231675 _d231675 |
||